Представление документа в формате MARC21

Поле Инд. ПП Название Значение
Тип записи a
Библиографический уровень c
001 Контрольный номер 2dbf31bd286042edb0f66cf3b24919c6
005 Дата корректировки 20260515122110.2
040 b Код языка каталог. rus
e Правила каталог. PSBO
041 0_ a Код языка текста rus
097 b Оператор *Ир*
240 10 a Условное заглавие Для всех направлений подготовки СПО
245 10 a Заглавие Учебно-методический комплекс (общеобразовательной) дисциплины "Физическая культура" для всех специальностей среднего профессионального образования
c Ответственность Кафедра "Физическая культура и спорт"
c Ответственность составитель Е.А. Михайлова
b Продолж. заглавия ФГОС 3++
260 c Дата издания 2026
a Место издания Тверь
b Издательство ТвГТУ
440 _0 a Серия УМК
516 8_ a Прим. о типе комп. файла/ данных Текст : электронный
535 1_ a Хранилище сайт ТвГТУ
653 0_ a Ключевые слова СПО
856 40 u URL https://elib.tstu.tver.ru/MegaPro/GetDoc/Megapro/190250
901 t Тип документа x
905 b Дата создания записи обработка 15.05.26
922 c Кафедра Физическая культура и спорт
951 i EL-ТГТУ? Да
a EL-УМК? *Готов*
d EL-Информация? За электронные документы, представленные в УМК, несет ответственность кафедра и разработчик УМК
952 h НВВ-Полн.число УМКД 4 док.
990 f Даты поступлений (DOS) 13.03.26
h N записи в КСУ для Б/У (DOS) 6/2026э